| 000 | 00539nam a2200193 a 4500 | ||
|---|---|---|---|
| 001 | 5898 | ||
| 003 | CDMR | ||
| 005 | 20131009174437.0 | ||
| 008 | 130220s2004||||||||||||||||||||||||||||d | ||
| 020 | _a8439366043 | ||
| 040 |
_aCDMR _bcat _cCDMR |
||
| 245 | 0 |
_aAnna Murià _b: Centenari : (1904-2004) |
|
| 260 |
_aBarcelona _bGeneralitat de Catalunya. Institució de les Lletres Catalanes _c2004 |
||
| 300 |
_a64 p ; _c17 cm |
||
| 490 | 0 |
_aCultura _aLletres |
|
| 600 | 1 |
_aMurià, Anna _92911 |
|
| 600 |
_aBarta, Agustí _92914 |
||
| 942 |
_cMON _2udc |
||
| 999 |
_c5898 _d5898 |
||